000 01358nam a2200337 i 4500
003 DO-SdBNP
005 20250616140858.0
007 ta
008 210917e2021 dr aco|er|||| 001 e spa d
020 _a8484009521
040 _aDO-SdBNP
_bspa
_cBNPHU
_erda
041 _aspa
082 4 _a972.93054
_bB142s 2021
_222
100 1 _aBáez de Jiménez, Mayra,
_d1952-
_eautor
_4aut.
_979935
245 1 0 _aSi la mar fuera de tinta ... :
_bvivencias de una niña tras la caída de la dictadura trujillista /
_cMayra Báez de Jiménez ; prólogo, Guillermo Piña-Contreras.
250 _aSexta edición ampliada
264 4 _aSanto Domingo, República Dominicana :
_bEditora Búho,
_c©2021
300 _a406 páginas :
_bilustraciones, fotografías, retratos ;
_c23 cm
336 _atexto
_btxt
_2rdacontent
337 _asin mediación
_bn
_2rdamedia
338 _avolumen
_bnc
_2rdacarrier
500 _aEdición ampliada.
500 _aIncluye biografía de la autora en la solapa.
590 _aInventariado 2021 / MF
600 1 0 _a Báez de Jiménez, Mayra, 1952-
_d1952-
_988127
600 1 0 _aTrujillo Molina, Rafael Leónidas,
_d1891-1961
_xMuerte
650 7 _aHomicidio político
_zRepública Dominicana
_2LEMB
_911383
651 _aRepública Dominicana
_xHistoria
_y1961
_96572
910 _aValidado. Control de calidad MFF
942 _2ddc
_cLBS1
999 _c50556
_d50556